| 000 | 00714cam a2200205 4500 | ||
|---|---|---|---|
| 001 | ABS60779 | ||
| 008 | 000000n1999 000 0 eng u | ||
| 035 | _a(Sirsi) u101275 | ||
| 100 | _aMiara, J. | ||
| 245 | _aNet financing. | ||
| 260 | _c1999 | ||
| 490 |
_aUrban Land _v58(5) May 1999, 67-69(3) |
||
| 520 | _aLooks at the property industry's use of the internet, and suggests that such use is still in its infancy. Discusses companies who have been particularly ambitious in their web sites, and what the future holds. | ||
| 650 | _aINTERNET | ||
| 650 | _aPROPERTY COMPANIES | ||
| 650 | _aREAL ESTATE | ||
| 650 | _aUSA | ||
| 690 | _aMANAGEMENT-BUSINESS MANAGEMENT-INFORMATION MANAGEMENT | ||
| 942 | _n0 | ||
| 999 |
_c60428 _d60428 |
||